000 00745nam a22002292 4500
001 0000003317
005 20151217151922.0
008 070503s xx 000 0 eng d
020 _a8472081338 :
_cKES 3,000
040 _aKABU
_cKABU
050 0 _aHV5801
_b.E83
100 1 _aEscandon, Rafael.
_@0000153126
245 1 0 _aFree from drugs and additions in the face of AIDS and other enemies of society /
_cRafael Escandon, Cesar Galvez.
260 _aMadrid :
_bEditorial Safeliz,
_c2005.
300 _a191 p.
650 0 _aDrug abuse.
_@0000153127
700 1 _aGalvez Cesar.
_@0000153128
908 _a070503
950 _@1
999 _c6356
_d6356